000 00690nam a2200289Ia 4500
005 20260324123146.0
008 008 260324s9999 xx 000 0 eng d
020 _a9780429063237
037 _aEBOOK
040 _aCRL
040 _beng
040 _cCRL
041 _2eng
041 _aeng
084 _qCRL
100 _aVladimir I. Bakhmutov
_91157354
245 0 _aSolid-State NMR in Materials Science
245 0 _bPrinciples and Applications
260 _bTaylor and Francis
260 _c2012
365 _a
365 _b275
856 _uhttp://www.taylorfrancis.com/books/9780429063237
942 _cEBOOK
999 _c1762522
_d1762522